000 01619nam a22003614a 4500
001 ebr10209946
003 CaPaEBR
006 m u
007 cr cn|||||||||
008 021114s2003 ilua sb 101 0 eng
010 _z 2002043563
020 _z0226533565 (cloth : alk. paper)
040 _aCaPaEBR
_cCaPaEBR
035 _a(OCoLC)239886893
043 _an-us---
050 1 4 _aHC110.I5
_bM378 2003eb
082 0 4 _a362.5/82
_221
245 0 0 _aMeans-tested transfer programs in the United States
_h[electronic resource] /
_cedited by Robert A. Moffitt.
260 _aChicago :
_bUniversity of Chicago Press,
_c2003.
300 _aix, 644 p. :
_bill.
490 1 _aA National Bureau of Economic Research conference report
500 _aPapers presented at a conference sponsored by the National Bureau of Economic Research and held in Cambridge, Mass. on May 11-12, 2000.
504 _aIncludes bibliographical references and indexes.
533 _aElectronic reproduction.
_bPalo Alto, Calif. :
_cebrary,
_d2013.
_nAvailable via World Wide Web.
_nAccess may be limited to ebrary affiliated libraries.
650 0 _aIncome maintenance programs
_zUnited States
_vCongresses.
650 0 _aPublic welfare
_zUnited States
_vCongresses.
655 7 _aElectronic books.
_2local
700 1 _aMoffitt, Robert.
710 2 _aNational Bureau of Economic Research.
710 2 _aebrary, Inc.
830 0 _aNational Bureau of Economic Research conference report.
856 4 0 _uhttp://site.ebrary.com/lib/rucke/Doc?id=10209946
_zAn electronic book accessible through the World Wide Web; click to view
999 _c226949
_d226949